-
Drafke, Michael W. And Kossen, Stan
Entry Personal Name
Number of records used in: 2
001 - CONTROL NUMBER
003 - CONTROL NUMBER IDENTIFIER
005 - DATE AND TIME OF LATEST TRANSACTION
- control field:
20180724145502.0
008 - FIXED-LENGTH DATA ELEMENTS
- fixed length control field:
180724|| aca||aabn | a|a d
040 ## - CATALOGING SOURCE
- Original cataloging agency:
OSt
- Transcribing agency:
OSt
100 ## - HEADING--PERSONAL NAME
- Personal name:
Drafke, Michael W. And Kossen, Stan
670 ## - SOURCE DATA FOUND
- Source citation:
Work cat.: (OSt)786: Drafke, Michael W. And Kossen, Stan, THE HUMAN SIDE OF ORGANIZATION, 2002